Návrh malej vodnej elektrárne pre vybranú lokalitu
Salvato in:
| Autore principale: | |
|---|---|
| Altri autori: | |
| Natura: | Manoscritto Libro |
| Lingua: | slovacco |
| Pubblicazione: |
2017
|
| Soggetti: | |
| Accesso online: | http://is.stuba.sk/zp/portal_zp.pl?podrobnosti=131127 |
| Tags: |
Nessun Tag, puoi essere il primo ad aggiungerne!!
|
MARC
| LEADER | 00000ntm a22000003a 4500 | ||
|---|---|---|---|
| 001 | stuzp56827 | ||
| 003 | SK-STU | ||
| 005 | 20170726130954.8 | ||
| 007 | ta | ||
| 008 | 150427s2015----xo-----f-mn---000-0-slo-d | ||
| 040 | |a STU |b slo | ||
| 041 | 0 | |a slo | |
| 044 | |a xo | ||
| 100 | 1 | |a Kubačka, Oliver |u 032000 |4 aut |U FEI Fakulta elektrotechniky a informatiky |T FEI Ústav elektroenergetiky a aplikovanej elektrotechniky |X 9027 |U E020 |Y 548 |7 9027 | |
| 242 | 0 | 1 | |a Design of a small hydropower plant for a selected location |y eng |
| 245 | 1 | 0 | |a Návrh malej vodnej elektrárne pre vybranú lokalitu |
| 260 | |c 2017 | ||
| 300 | |a 48 s. | ||
| 650 | 4 | |a malá vodná elektráreň |2 slo | |
| 650 | 4 | |a hydroenergetický potenciál |2 slo | |
| 650 | 4 | |a turbína |2 slo | |
| 650 | 4 | |a generátor |2 slo | |
| 650 | 4 | |a prietok |2 slo | |
| 650 | 4 | |a small hydropower plant |2 eng | |
| 650 | 4 | |a hydropower potential |2 eng | |
| 650 | 4 | |a turbine |2 eng | |
| 650 | 4 | |a generator |2 eng | |
| 650 | 4 | |a waterflow |2 eng | |
| 700 | 1 | |a Pípa, Marek |u 032000 |k Z1 |4 ths |U FEI Fakulta elektrotechniky a informatiky |T FEI Ústav elektroenergetiky a aplikovanej elektrotechniky |X 2666 |U E020 |Y 548 |7 A000002666 | |
| 856 | 4 | |u http://is.stuba.sk/zp/portal_zp.pl?podrobnosti=131127 | |
| 996 | |b 284ER02437 |c E*Bc- 2437 |l EE32 |s P |a 0 |w stuzp56827_0001 | ||